| 000 | 01039cam a22002055a 4500 | ||
|---|---|---|---|
| 001 | L140835 | ||
| 008 | 071015s1935 xxk eng u | ||
| 035 | _a(Sirsi) u140835 | ||
| 041 | 0 | _aeng | |
| 110 | 2 |
_aRalph Pay and Taylor _95390 |
|
| 245 | 0 |
_aMiddlesex, Herts, Bucks, Hants and Dorset (borders), Suffolk _ba freehold estate of shops, residences, building land, farms etc. situate at Northwood, Harefield, Rickmansworth, Chalfont Road, Speen near Wycombe, Princes Risborough, Leavesden Green near Watford, Wallisdown near Bournemouth, also farms in Suffolk for sale by auction on Tuesday 12th March 1935... |
|
| 260 |
_aS.l. _bs.n. _c[1935] |
||
| 300 |
_a33 p. _c36 cm. _e+2 sheets (col. maps, 74 x 57 cm., folded to 25 x 20 cm., and 51 x 62 cm., folded to 25 x 16 cm.) |
||
| 340 | _aPrinted | ||
| 351 | _aSingle item | ||
| 500 | _aMaps are housed in a pocket on the inside of the rear cover. | ||
| 651 | 4 |
_aEngland _y886- |
|
| 690 | _aPROPERTY-PROPERTY ACQUISITION AND DISPOSAL-ACQUISITION AND DISPOSAL AT AUCTION | ||
| 942 | _n0 | ||
| 999 |
_c116499 _d116499 |
||